Detalles MARC
| 000 -LÍDER |
| Campo fijo de descripción fija |
01803aam a2200349 i 4500 |
| 001 - NÚMERO DE CONTROL |
| Campo de control |
768714001 |
| 003 - IDENTIFICADOR DEL NÚMERO DE CONTROL |
| Campo de control |
CO-MdFUSB |
| 005 - FECHA Y HORA DE LA ULTIMA TRANSACCIÓN |
| control field |
20260430163100.0 |
| 007 - CAMPO FIJO DE DESCRIPCIÓN FIJA--INFORMACIÓN GENERAL |
| Campo fijo de descripción fija |
ta |
| 008 - ELEMENTOS DE LONGITUD FIJA -- INFORMACIÓN GENERAL |
| Campo fijo de descripción fija -- Información general |
240703t1985 br ||||| |||| 00| 0 por d |
| 040 ## - FUENTE DE CATALOGACIÓN |
| Agencia que realiza la transcripción |
CO-MdFUSB |
| 041 0# - CÓDIGO DE IDIOMA |
| Código de idioma para texto/pista de sonido o título separado |
por |
| Código de idioma original |
eng |
| 082 04 - NÚMERO DE CLASIFICACIÓN DECIMAL DEWEY |
| Número de la edición del Dewey |
23 |
| Número de clasificación |
227.2 |
| Clave de autor-Numero de item |
M673 |
| 100 ## - ASIENTO PRINCIPAL--NOMBRE PERSONAL |
| Nombre personal |
Prior, David, |
| Término relacionador |
autor |
| 240 ## - TITULO UNIFORME |
| Título uniforme |
<a href="The message of 1 Corinthians. ">The message of 1 Corinthians. </a> |
| 245 10 - TÍTULO |
| Título del Material |
A mensagem de 1 Coríntios : |
| Parte restante del título - Subtitulo |
a vida na igreja local |
| Mención de responsabilidad, etc. |
/ David Prior ; traducido por Yolanda Mirdsa Krievin ; editado por John R. W. Stott |
| 264 #1 - PRODUCCIÓN, PUBLICACIÓN, DISTRIBUCIÓN, MANUFACTURA, Y COPYRIGHT |
| Lugar de producción, publicación, distribución, manufactura |
São Paulo, Brasil : |
| Nombre del productor, publicador, distribuidor |
ABU, |
| Fecha de producción, publicación, distribución, manufactura, o copyright |
[1985] |
| 264 #4 - PRODUCCIÓN, PUBLICACIÓN, DISTRIBUCIÓN, MANUFACTURA, Y COPYRIGHT |
| Fecha de producción, publicación, distribución, manufactura, o copyright |
©1985 |
| 300 ## - DESCRIPCIÓN FÍSICA |
| Extensión |
305 páginas |
| Dimensiones |
; 21 cm |
| 336 ## - TIPO DE CONTENIDO |
| Fuente |
rdacontent |
| Término de tipo de contenido |
texto |
| Código de tipo de contenido |
txt |
| 337 ## - TIPO DE MEDIO |
| Fuente |
rdamedia |
| Nombre del tipo de medio |
sin mediación |
| Código del tipo de medio |
n |
| 338 ## - TIPO DE SOPORTE |
| Fuente |
rdacarrier |
| Nombre del tipo de soporte |
volumen |
| Código Tipo de soporte |
nc |
| 490 ## - MENCIÓN DE SERIE |
| Mención de serie |
A Bíblia Fala Hoje |
| 505 ## - NOTA DE CONTENIDO |
| Nota de contenido con formato preestablecido |
La igreja perfeita (1:1-9). -- Festas em Corinto (1:10-17). -- Sabedoria verdadeira e falsa (1:18–2:16). -- Locos por el amor de Cristo (3:1–4:21). -- Huye de la fornicación (5:1-13; 6:9-20). -- Soluciones fuera de los tribunales (6:1-8). -- Matrimonio y celibato: regalos de Dios (7:1-40). -- Libertad y sensibilidad hacia los demás (8:1-13). -- Libertad para limitar tu propia libertad (9:1-27). -- La libertad y sus peligros (10:1–11:1). -- La comunidad cristiana en la adoración (11:2-34). -- Dones espirituales (12:1-31). -- Si no tengo amor... (13:1-13). -- Profecía y lenguas (14:1-40). -- Resurrección: pasado, presente y futuro (15:1-58). -- Una iglesia internacional (16:1-24). |
| 563 ## - NOTA DE ENCUADERNACIÓN |
| Nota de encuadernación |
Rústico |
| 630 07 - TITULO UNIFORME |
| Título uniforme |
Biblia. |
| Nombre de parte o sección de la obra |
Corintios, 1ª |
| Subdivisión de materia general |
Crítica, interpretación, etc |
| 700 ## - ASIENTO SECUNDARIO - NOMBRE PERSONAL |
| Nombre personal |
Mirdsa Krievin, Yolanda |
| 9 (RLIN) |
2862 |
| Responsabilidad |
traductor |
| 700 ## - ASIENTO SECUNDARIO - NOMBRE PERSONAL |
| Nombre personal |
Stott, John R. W., |
| 9 (RLIN) |
1432 |
| Responsabilidad |
editor |
| 942 ## - TIPO DE MATERIAL (KOHA) |
| Tipo de Item KOHA |
Libros General |
| 945 ## - INFORMACIÓN LOCAL DEL REGISTRO |
| Catalogador |
JTF-925 |